Multi-Agent Reinforcement Learning: Foundations and Modern Approaches

Guardat en:
Dades bibliogràfiques
Autor principal: Stefano V. Albrecht and Filippos Christianos and Lukas Schäfer
Format: Llibre
Publicat: MIT Press
Etiquetes: Afegir etiqueta
Sense etiquetes, Sigues el primer a etiquetar aquest registre!

MARC

LEADER 00000nam a2200000Ia 4500
005 20260515061616.0
100 |a Stefano V. Albrecht and Filippos Christianos and Lukas Schäfer 
020 |a 9780262049375 
942 |c BK 
245 |a Multi-Agent Reinforcement Learning: Foundations and Modern Approaches 
260 |b MIT Press 
999 |c 49  |d 49 
952 |0 0  |1 0  |4 0  |7 0  |a ABDN  |b ABDN  |d 2026-05-15  |l 0  |p 000097  |r 2026-05-15 06:16:16  |w 2026-05-15  |y BK